000 00645nam a2200241Ia 4500
001 6143
003 GE_BSU
008 181216s||||||||xx |||||||||||||| ||und||
040 _cGE_BSU
080 _a821.353.1-31
100 _aგვასალია,მ.
245 _aობლის კვერი.
245 _bრომანი.
245 _cრედ. შ.აკობია.
260 _aსოხუმი.
260 _bალაშარა.
260 _c1970.
300 _a560გვ; 20სმ.
300 _eფოტო
653 _aობლის კვერი.
653 _aრომანი.
942 _cBK
999 _c39545
_d39545